000 00576nam a22001695i 4500
001 158309
003 ES-MaACL
005 20230906211108.0
008 040826s1847 fr |||| | fre d
040 _aCAM
_bspa
_cCAM
100 1 _aLytton, Edward Bulwer Lytton
_cBaron.
_974965
245 1 0 _aLucretia or The children of night /
_cby sir E.L. Bulwer.
260 _aParis :
_bA. and W. Galignani and cÂș,
_c1847 (
_fCrapelet)
300 _aVIII, 365 p. ;
_c22 cm.
740 4 1 _aThe children of night.
852 _aES-MaACL
_jG-5892
_z-- Enc. hol.
_z-- Legado M. de la Fuente
999 _c158309
_d158309